Szczegóły MARC21

An introduction to foreign language learning and teaching /

003 -Nazwa inst., której nr kontr. jest w polu 001 [,]
    • @
    • Nazwa instytucji, której n kontrolny jest w polu 001
    • NUKAT
005 -DATA I CZAS OSTATNIEJ MODYFIKACJI [,]
    • @
    • pole kontrolne
    • 20241231103328.0
020 -Międzynarod. znormalizowany nr książki - ISBN [ , ]
    • a
    • Numer ISBN
    • 0582290864 Find
    • q
    • Dopowiedzenie
    • PPR
040 -Instytucja sporządzająca opis [ , ]
    • a
    • Instytucja, która sporządziła opis (NP)
    • WA U/50AWJ
    • c
    • Instytucja, która sporządziła rekord (NP)
    • WA U/AWJ
    • d
    • Instytucja, która zmodyfikowała rekord (P)
    • WA U/AL
    • d
    • Instytucja, która zmodyfikowała rekord (P)
    • KAT U/43IPs
942 -Rodzaj dokumentu [ , ]
    • c
    • Rodzaj dokumentu
    • Książka
100 -Hasło główne - nazwa osobowa [1, ]
    • a
    • Nazwa osobowa (NP)
    • Johnson, Keith
    • d
    • Daty biograficzne (NP)
    • (1958- ).
    • 9
    • KHW
    • 577553
245 -Strefa tytułu i oznaczenia odpowiedzialności [1,3]
    • a
    • Tytuł
    • An introduction to foreign language learning and teaching / Find
    • c
    • Pozostałe elementy strefy tytułu i oznaczenia odpowiedzialności (NP)
    • Keith Johnson.
260 -Strefa adresu wydawniczego [ , ]
    • a
    • Miejsce wydania (P)
    • Harlow :
    • b
    • Nazwa wydawcy (P)
    • Longman,
    • c
    • Data wydania (P)
    • 2001.
300 -Strefa opisu fizycznego [ , ]
    • a
    • Określenie formy książki i/lub objętość (NP)
    • IX, 336 s. :
    • b
    • Oznaczenie ilustracji (NP)
    • il. ;
    • c
    • Format (NP)
    • 24 cm.
336 -Typ zawartości [ , ]
    • a
    • Termin opisujący typ zawartości
    • Tekst
    • b
    • Kod określający zawartość
    • txt
    • 2
    • Źródło (terminu i kodu)
    • rdacontent
337 -Typ mediów [ , ]
    • a
    • Tryb odtwarzania
    • Bez urządzenia pośredniczącego
    • b
    • Kod typu mediów
    • n
    • 2
    • Źródło (terminu i kodu)
    • rdamedia
338 -Typ/rodzaj nośnika [ , ]
    • a
    • Hasło opisujące typ nośnika
    • Wolumin
    • b
    • Kod typu nośnika
    • nc
    • 2
    • Źródło (terminu i kodu)
    • rdacarrier
490 -Strefa serii i książki wielotomowej - forma nie do wyszukiwania [1, ]
    • a
    • Tytuł (P)
    • Learning about Language Find
830 -Hasło dodatkowe serii i opisu książki wielotomowej - tytuł ujednolicony/tytuł [ ,0]
    • a
    • Tytuł ujednolicony/tytuł (NP)
    • Learning about Language
    • 9
    • KHW
    • 608302
504 -Uwaga dot. bibliogr. załącznikowej [ , ]
    • a
    • Uwaga dot. bibliografii załącznikowej
    • Bibliogr. s. 315-327.
080 -Uniwersalna Klasyfikacja Dziesiętna [ , ]
    • a
    • Symbol klasyfikacji
    • 372.880=20
080 -Uniwersalna Klasyfikacja Dziesiętna [ , ]
    • a
    • Symbol klasyfikacji
    • :371.3.02=20
080 -Uniwersalna Klasyfikacja Dziesiętna [ , ]
    • a
    • Symbol klasyfikacji
    • :372.881=20
650 -Hasło przedmiotowe [ ,7]
    • a
    • Hasło przedmiotowe
    • Język angielski
    • x
    • Określnik rzeczowy
    • studia i nauczanie.
    • 2
    • Źródło terminu
    • kaba
    • 9
    • KHW
    • 112992
980 -Symbol UKD [ , ]
    • a
    • UKD
    • 372.880:371.3.02:372.881]=20
920 -ISBN [ , ]
    • a
    • ISBN
    • 0-582-29086-4 Find
    • q
    • Dopowiedzenie
    • PPR
Status udost. Sygnatura Numer inwentarzowy Data inwentaryzacji Lokalizacja
1ANG. Dydaktyka jęz. obcych 054A.68002003-01-07BM